The divine voice of Sri Sri Thakur Haranath; (Record no. 88179)
[ view plain ]
| 000 -LEADER | |
|---|---|
| fixed length control field | 01005cam a2200265 4500 |
| 001 - CONTROL NUMBER | |
| control field | sa 68018103 |
| 003 - CONTROL NUMBER IDENTIFIER | |
| control field | DLC |
| 005 - DATE AND TIME OF LATEST TRANSACTION | |
| control field | 20260227112708.0 |
| 008 - FIXED-LENGTH DATA ELEMENTS--GENERAL INFORMATION | |
| fixed length control field | 710907m19009999ii c b 00010 eng |
| 010 ## - LIBRARY OF CONGRESS CONTROL NUMBER | |
| LC control number | sa 68018103 //r892 |
| 025 ## - OVERSEAS ACQUISITION NUMBER | |
| Overseas acquisition number | PL480:I-E-6192 |
| 050 0# - LIBRARY OF CONGRESS CALL NUMBER | |
| Classification number | BL1210 |
| Item number | .H27 |
| 100 00 - MAIN ENTRY--PERSONAL NAME | |
| Personal name | Haranath, |
| Dates associated with a name | 1865-1927. |
| 245 14 - TITLE STATEMENT | |
| Title | The divine voice of Sri Sri Thakur Haranath; |
| Remainder of title | or, "Upadeshamrita"; full of illuminating and interesting life events, enlightening discourses, sayings, precepts and messages, spiritual and practical. |
| Statement of responsibility, etc. | Compiled & published by Akella Ramakrishna Sastry. |
| 250 ## - EDITION STATEMENT | |
| Edition statement | [1st ed.] |
| 260 0# - PUBLICATION, DISTRIBUTION, ETC. | |
| Place of publication, distribution, etc. | Rajahmundry, |
| Date of publication, distribution, etc. | 19 |
| 300 ## - PHYSICAL DESCRIPTION | |
| Extent | v. |
| Other physical details | ports. |
| Dimensions | 19 cm. |
| 500 ## - GENERAL NOTE | |
| General note | "Sri Sri Thakur Haranath birth centenary number, 2nd July, 1965." |
| 500 ## - GENERAL NOTE | |
| General note | "500 copies." |
| 504 ## - BIBLIOGRAPHY, ETC. NOTE | |
| Bibliography, etc. note | "Source-books and journals": v. 2, p. x. |
| 650 #0 - SUBJECT ADDED ENTRY--TOPICAL TERM | |
| Topical term or geographic name entry element | Religious life |
| General subdivision | Hinduism. |
| 650 #0 - SUBJECT ADDED ENTRY--TOPICAL TERM | |
| Topical term or geographic name entry element | Hinduism |
| General subdivision | Doctrines. |
| 700 21 - ADDED ENTRY--PERSONAL NAME | |
| Personal name | Ramakrishna Sastry, Akella, |
| Relator term | comp. |
| 740 01 - ADDED ENTRY--UNCONTROLLED RELATED/ANALYTICAL TITLE | |
| Uncontrolled related/analytical title | Upadeshamrita. |
No items available.